000 00752nam a22001817a 4500
999 _c62796
_d62796
003 Ge_BSU
005 20250218104659.0
008 250218s1955 ge ||||| |||| 00| 0 geo d
041 _ageo
080 _a617.7(075) ს-56
100 _aსიხარულიძე, ი.
_924382
245 _aთვალის სნეულებანი :
_b სახელმძღვ. სტუდენტთა და ექიმთათვის /
_cი. სიხარულიძე.
264 _aთბ. :
_bსაქმედგამი,
_c 1955.
300 _a576 გვ. :
_bილ., 4 ფ.;
_c22 სმ.
653 _aთვალის დაავადებები
653 _aმედიცინა
942 _2udc
_cᲬᲘᲒᲜᲘ